[Event "VIII Etapa do Circuito Pre-Olimpico Feminino"]
[Site "Belo Horizonte/MG"]
[Date "2012.03.02"]
[Round "1"]
[Board "1"]
[White "Viaro Baccarin, Natalia"]
[Black "Chang, Suzana"]
[Result "0-1"]
[WhiteElo "1945"]
[BlackElo "2055"]
[PlyCount "68"]
[EventDate "2012.03.02"]
[EventRounds "6"]
[EventCountry "BRA"]

1. e4 e6 2. Qe2 c5 3. g3 Nc6 4. Nf3 Nge7 5. Bg2 g6 6. O-O Bg7 7. c3 d6 8. Rd1
e5 9. Na3 O-O 10. Nc2 Qc7 11. d4 exd4 12. cxd4 Bg4 13. dxc5 dxc5 14. h3 Bxf3
15. Qxf3 Rad8 16. Rb1 Ne5 17. Qe2 Rxd1+ 18. Qxd1 Rd8 19. Qe2 Nd3 20. b3 Nxc1
21. Rxc1 Qa5 22. Rd1 Rxd1+ 23. Qxd1 Qxa2 24. Qd8+ Bf8 25. Ne3 Qxb3 26. Ng4 Qb6
27. Qxb6 axb6 28. Nf6+ Kg7 29. Nd7 c4 30. e5 c3 31. Be4 Nc6 32. Kf1 Nd4 33. Ke1
c2 34. Kd2 Bb4+ 0-1

[Event "VIII Etapa do Circuito Pre-Olimpico Feminino"]
[Site "Belo Horizonte/MG"]
[Date "2012.03.02"]
[Round "1"]
[Board "1"]
[White "Guimaraes, Artemis Pamela"]
[Black "Tashima, Vanessa Kelly"]
[Result "1/2-1/2"]
[WhiteElo "2037"]
[BlackElo "1925"]
[PlyCount "114"]
[EventDate "2012.03.02"]
[EventRounds "6"]
[EventCountry "BRA"]

1. e4 e6 2. d4 d5 3. Nd2 Be7 4. Ngf3 Nf6 5. e5 Nfd7 6. Bd3 c5 7. c3 Nc6 8. O-O
a5 9. Re1 cxd4 10. cxd4 g5 11. h3 h5 12. Nf1 g4 13. hxg4 hxg4 14. N3h2 Bb4 15.
Bd2 Bxd2 16. Qxd2 Nxd4 17. Qf4 Nc6 18. Nxg4 Qe7 19. Ng3 b6 20. Nf6+ Kd8 21.
Nxd7 Bxd7 22. Bb5 Nb4 23. Bxd7 Kxd7 24. Red1 Rac8 25. a3 Nc6 26. Ne4 Rcf8 27.
Nf6+ Kc7 28. Rxd5 Rd8 29. Rxd8 Rxd8 30. Rc1 Kb7 31. Qe4 Rc8 32. g3 Qc7 33. f4
Qd8 34. Rc4 b5 35. Rc2 Qd4+ 36. Kg2 Qd1 37. Ng4 Qxg4 38. a4 Qf5 39. Qxf5 exf5
40. axb5 Nd4 41. Rd2 Nxb5 42. Rd7+ Rc7 43. Rd8 Kc6 44. Kh3 Na7 45. Rd6+ Kc5 46.
Rf6 Kd4 47. Rxf5 Ke4 48. Rf6 Nc6 49. e6 fxe6 50. Rxe6+ Kf3 51. Kh4 Rh7+ 52. Kg5
Nd4 53. Ra6 Kxg3 54. Rxa5 Nf3+ 55. Kg6 Rb7 56. f5 Nh4+ 57. Kg5 Nxf5 1/2-1/2

[Event "VIII Etapa do Circuito Pre-Olimpico Feminino"]
[Site "Belo Horizonte/MG"]
[Date "2012.03.02"]
[Round "1"]
[Board "1"]
[White "Rodrigues, Fernanda dos Santos"]
[Black "Gazola, Vanessa Ramos"]
[Result "0-1"]
[WhiteElo "1891"]
[BlackElo "2020"]
[PlyCount "70"]
[EventDate "2012.03.02"]
[EventRounds "6"]
[EventCountry "BRA"]

1. d4 d5 2. c4 e6 3. Nf3 Nf6 4. Bg5 Be7 5. Nc3 h6 6. Bh4 O-O 7. cxd5 Nxd5 8.
Bxe7 Qxe7 9. e3 b6 10. Be2 Bb7 11. O-O Nxc3 12. bxc3 c5 13. a4 Nc6 14. Rb1 Rfd8
15. Qb3 Na5 16. Qa3 Rac8 17. Rfc1 Rd7 18. dxc5 Qxc5 19. Qb4 Rdc7 20. Qd4 Bxf3
21. gxf3 Qxd4 22. exd4 Rxc3 23. Rd1 Rd8 24. Rd2 Nb3 25. Rdd1 Nxd4 26. Kg2 Rd5
27. Bd3 Rg5+ 28. Kf1 Nxf3 29. Ke2 Nxh2 30. Be4 g6 31. Rh1 Ng4 32. f3 Nf6 33. f4
Rh5 34. Bf3 Rxh1 35. Rxh1 Kg7 0-1

[Event "VIII Etapa do Circuito Pre-Olimpico Feminino"]
[Site "Belo Horizonte/MG"]
[Date "2012.03.02"]
[Round "1"]
[Board "1"]
[White "Chaves, Joara"]
[Black "Fonseca, Carolina Rodrigues"]
[Result "1-0"]
[WhiteElo "2010"]
[BlackElo "1821"]
[PlyCount "101"]
[EventDate "2012.03.02"]
[EventRounds "6"]
[EventCountry "BRA"]

1. e4 e5 2. Nf3 Nc6 3. Bb5 a6 4. Bxc6 dxc6 5. O-O Bd6 6. c3 Ne7 7. d4 f6 8. Qb3
Ng6 9. Be3 Qe7 10. Nbd2 Rb8 11. Rfe1 Be6 12. d5 cxd5 13. exd5 Bc8 14. Ne4 b6
15. c4 Ra8 16. Rac1 Bc5 17. Nxc5 bxc5 18. Qa3 Bg4 19. Bxc5 Qd7 20. h3 Bf5 21.
Nd4 Kf7 22. Nc6 Rhe8 23. g4 Bxg4 24. hxg4 Qxg4+ 25. Qg3 Qd7 26. Be3 h5 27. Kg2
f5 28. Qh3 Rh8 29. Bg5 Rae8 30. Rc3 h4 31. Rce3 Rh5 32. Nxe5+ Rxe5 33. Rxe5
Rxg5+ 34. Kf1 Nxe5 35. Rxe5 Rg4 36. f3 Rf4 37. b3 g5 38. Ke2 g4 39. fxg4 Rxg4
40. Re6 c6 41. Qf3 Rg5 42. Rxc6 Qe7+ 43. Kf1 Qe5 44. Re6 Qa1+ 45. Kf2 Qg1+ 46.
Ke2 Rg2+ 47. Kd3 Qb1+ 48. Kd4 Qb2+ 49. Kc5 Qa3+ 50. Kc6 Rg4 51. Qxf5+ 1-0

[Event "VIII Etapa do Circuito Pre-Olimpico Feminino"]
[Site "Belo Horizonte/MG"]
[Date "2012.03.02"]
[Round "1"]
[Board "1"]
[White "Brandao, Catarina"]
[Black "Pereira, Amanda Marques"]
[Result "0-1"]
[WhiteElo "1802"]
[BlackElo "1999"]
[PlyCount "86"]
[EventDate "2012.03.02"]
[EventRounds "6"]
[EventCountry "BRA"]

1. e4 c5 2. Nf3 e6 3. d4 cxd4 4. Nxd4 a6 5. Nc3 Qc7 6. Bd3 Nc6 7. Nf3 Nf6 8.
O-O d6 9. Re1 Be7 10. a3 O-O 11. Bg5 b5 12. b4 Bb7 13. Qe2 Rac8 14. Qd2 h6 15.
Bh4 Rfd8 16. Rac1 Ne5 17. Nxe5 dxe5 18. Re3 Qxc3 19. Qe2 Qxa3 20. Qe1 Bxb4 21.
Qd1 Be7 22. h3 Bc5 23. Ra1 Qc3 24. Bxf6 Bxe3 25. Bxd8 Bd4 26. Rb1 Rxd8 27. Qe2
Qc6 28. Rc1 f5 29. c3 fxe4 30. Bxe4 Qxe4 31. Qxe4 Bxe4 32. cxd4 exd4 33. f3 Bd5
34. Kf2 Bc4 35. Rd1 b4 36. Ke1 b3 37. Kd2 a5 38. Kc1 a4 39. Kb2 e5 40. Ka3 Bb5
41. g3 d3 42. Kb2 d2 43. Ka3 Be2 0-1

[Event "VIII Etapa do Circuito Pre-Olimpico Feminino"]
[Site "Belo Horizonte/MG"]
[Date "2012.03.02"]
[Round "1"]
[Board "1"]
[White "Delai, Paula Fernanda"]
[Black "Campos, Anna Carolina "]
[Result "1-0"]
[WhiteElo "1982"]
[BlackElo "1798"]
[PlyCount "75"]
[EventDate "2012.03.02"]
[EventRounds "6"]
[EventCountry "BRA"]

1. e4 e5 2. Nf3 Nc6 3. d4 f5 4. Nxe5 Nf6 5. Nxc6 bxc6 6. e5 Nd5 7. c4 Bb4+ 8.
Bd2 Bxd2+ 9. Qxd2 Ne7 10. Be2 O-O 11. Nc3 d5 12. c5 a5 13. O-O f4 14. Bf3 Ng6
15. g3 Bh3 16. Bg2 Qd7 17. f3 Rf7 18. Ne2 Raf8 19. Rf2 fxg3 20. hxg3 h5 21. Qg5
Qe6 22. Bxh3 Qxh3 23. Qxg6 Rxf3 24. Raf1 Qxf1+ 25. Kxf1 Rxf2+ 26. Ke1 Rh2 27.
Qxc6 Rff2 28. Qxd5+ Kh8 29. Qa8+ Kh7 30. Qe4+ Kg8 31. d5 Kf7 32. c6 Ke7 33. Kd2
g5 34. Kd3 h4 35. gxh4 gxh4 36. Nd4 Rd2+ 37. Ke3 h3 38. Qh7+ 1-0

[Event "VIII Etapa do Circuito Pre-Olimpico Feminino"]
[Site "Belo Horizonte/MG"]
[Date "2012.03.02"]
[Round "1"]
[Board "1"]
[White "Marques, Gabriela Angelica"]
[Black "Heinrichs, Vivian"]
[Result "0-1"]
[WhiteElo "1745"]
[BlackElo "1965"]
[PlyCount "110"]
[EventDate "2012.03.02"]
[EventRounds "6"]
[EventCountry "BRA"]

1. d4 d5 2. c4 Bf5 3. e3 e6 4. Nf3 Nf6 5. Be2 c6 6. O-O h6 7. cxd5 exd5 8. Nc3
Nbd7 9. a3 a5 10. Bd2 Bd6 11. Be1 O-O 12. h3 Re8 13. Bd3 Bxd3 14. Qxd3 Ne4 15.
Qc2 Ndf6 16. Nd2 Ng5 17. Qd1 Bc7 18. h4 Qd6 19. g3 Nge4 20. Ndxe4 Nxe4 21. Qe2
Qg6 22. Kg2 a4 23. Rh1 h5 24. Rc1 Nxc3 25. Bxc3 Re4 26. Rh3 Rae8 27. Re1 Bd8
28. Kh2 Bc7 29. Kg2 Rg4 30. Qd1 Ra8 31. Rg1 Qf5 32. Qf3 Qe6 33. Qd1 Kh7 34.
Qd3+ Kg8 35. f3 Rg6 36. e4 dxe4 37. Qxe4 Qd7 38. Qe2 Bd6 39. Qf2 Qf5 40. Qd2
Qd5 41. Kf2 Qf5 42. Kg2 Rd8 43. Qd1 Qb5 44. Qf1 Qd5 45. Qd1 Re8 46. Re1 Rxe1
47. Qxe1 Re6 48. Qd1 Qc4 49. Kf2 Bxa3 50. Rh1 Bd6 51. Re1 Rg6 52. g4 hxg4 53.
fxg4 Rf6+ 54. Kg2 Qd5+ 55. Kg1 Bh2+ 0-1

[Event "VIII Etapa do Circuito Pre-Olimpico Feminino"]
[Site "Belo Horizonte/MG"]
[Date "2012.03.02"]
[Round "2"]
[Board "1"]
[White "Chang, Suzana"]
[Black "Pereira, Amanda Marques"]
[Result "1/2-1/2"]
[WhiteElo "2055"]
[BlackElo "1999"]
[PlyCount "40"]
[EventDate "2012.03.02"]
[EventRounds "6"]
[EventCountry "BRA"]

1. d4 Nf6 2. c4 e6 3. g3 d5 4. Bg2 Be7 5. Nf3 O-O 6. O-O dxc4 7. Qa4 a6 8. Qxc4
b5 9. Qc2 Bb7 10. a3 Nbd7 11. b4 a5 12. bxa5 Rxa5 13. Nbd2 c5 14. Nb3 Ra4 15.
Nxc5 Nxc5 16. dxc5 Be4 17. Qb3 Qa8 18. Bb2 Bd5 19. Qd3 Be4 20. Qb3 Bd5 1/2-1/2

[Event "VIII Etapa do Circuito Pre-Olimpico Feminino"]
[Site "Belo Horizonte/MG"]
[Date "2012.03.02"]
[Round "2"]
[Board "1"]
[White "Gazola, Vanessa Ramos"]
[Black "Delai, Paula Fernanda"]
[Result "1/2-1/2"]
[WhiteElo "2020"]
[BlackElo "1982"]
[PlyCount "88"]
[EventDate "2012.03.02"]
[EventRounds "6"]
[EventCountry "BRA"]

1. d4 g6 2. c4 Nf6 3. Nc3 Bg7 4. e4 d6 5. Be2 O-O 6. Bg5 Na6 7. Qd2 e5 8. d5 c6
9. dxc6 bxc6 10. Rd1 Qa5 11. Bxf6 Bxf6 12. Qxd6 Be6 13. Qxc6 Rab8 14. Qa4 Qb6
15. Qb3 Nc5 16. Qxb6 Rxb6 17. b3 a5 18. Nd5 Bxd5 19. Rxd5 Rc8 20. Nf3 a4 21.
Nxe5 axb3 22. axb3 Rxb3 23. O-O Nxe4 24. Ng4 Bg7 25. Ne3 Nc3 26. Rd2 Bh6 27.
Bf3 Bg7 28. Rd7 h5 29. h3 Kf8 30. Nd5 Ke8 31. Re7+ Kf8 32. Rfe1 Rb1 33. Rxb1
Nxb1 34. Rb7 Nd2 35. Be2 Bd4 36. Nc7 Ne4 37. Nb5 Bxf2+ 38. Kf1 Be3 39. Ke1 Bf2+
40. Kf1 Be3 41. Ke1 Bf2+ 42. Kf1 Bh4 43. Kg1 Bf2+ 44. Kf1 Be3 1/2-1/2

[Event "VIII Etapa do Circuito Pre-Olimpico Feminino"]
[Site "Belo Horizonte/MG"]
[Date "2012.03.02"]
[Round "2"]
[Board "1"]
[White "Heinrichs, Vivian"]
[Black "Chaves, Joara"]
[Result "0-1"]
[WhiteElo "1965"]
[BlackElo "2010"]
[PlyCount "62"]
[EventDate "2012.03.02"]
[EventRounds "6"]
[EventCountry "BRA"]

1. e4 e5 2. Nf3 Nc6 3. d4 exd4 4. Nxd4 Bc5 5. Be3 Qf6 6. Nb5 Bxe3 7. fxe3 Qh4+
8. g3 Qxe4 9. Nxc7+ Kd8 10. Nxa8 Qxh1 11. Qd6 Nf6 12. Nd2 Ne8 13. Qf4 Qd5 14.
Bc4 Qc5 15. O-O-O f6 16. Nf3 g5 17. Qg4 Qxe3+ 18. Kb1 Ng7 19. Rd3 Qe7 20. Qh3
h5 21. g4 Re8 22. Qg3 Ne5 23. h3 Qc5 24. Nxe5 Rxe5 25. b3 b5 26. Qf3 bxc4 27.
bxc4 Re1+ 28. Kb2 Qe5+ 29. c3 Qe2+ 30. Ka3 Qxf3 31. Rxf3 Re6 0-1

[Event "VIII Etapa do Circuito Pre-Olimpico Feminino"]
[Site "Belo Horizonte/MG"]
[Date "2012.03.02"]
[Round "2"]
[Board "1"]
[White "Viaro Baccarin, Natalia"]
[Black "Guimaraes, Artemis Pamela"]
[Result "1-0"]
[WhiteElo "1945"]
[BlackElo "2037"]
[PlyCount "89"]
[EventDate "2012.03.02"]
[EventRounds "6"]
[EventCountry "BRA"]

1. e4 e5 2. Nf3 Nc6 3. Bb5 Nf6 4. Qe2 Bc5 5. c3 Qe7 6. O-O O-O 7. Rd1 d6 8. d3
Bd7 9. h3 Bb6 10. Nbd2 a6 11. Ba4 Nd4 12. Nxd4 Bxa4 13. Nf5 Qd7 14. b3 Bc6 15.
Nf1 d5 16. Bg5 Qe6 17. N1g3 dxe4 18. dxe4 h6 19. Bxf6 Qxf6 20. Nh5 Qg5 21. h4
Qg6 22. Ne7+ Kh7 23. Nxg6 fxg6 24. Ng3 Rf4 25. h5 Raf8 26. hxg6+ Kxg6 27. Rd2
Kh7 28. Rf1 Rh4 29. Qd1 Rff4 30. Nf5 Rhg4 31. Ne3 Rg6 32. Nd5 Rfg4 33. Nxb6
Rxg2+ 34. Kh1 cxb6 35. f3 R2g3 36. Rff2 Rf6 37. Kh2 Rg5 38. Rd6 Rf4 39. Rg2
Rh5+ 40. Kg1 Rfh4 41. Kf2 Bxe4 42. fxe4 Rf4+ 43. Kg1 Rfh4 44. Qxh5 Rxh5 45. Rd7
1-0

[Event "VIII Etapa do Circuito Pre-Olimpico Feminino"]
[Site "Belo Horizonte/MG"]
[Date "2012.03.02"]
[Round "2"]
[Board "1"]
[White "Tashima, Vanessa Kelly"]
[Black "Rodrigues, Fernanda dos Santos"]
[Result "1-0"]
[WhiteElo "1925"]
[BlackElo "1891"]
[PlyCount "243"]
[EventDate "2012.03.02"]
[EventRounds "6"]
[EventCountry "BRA"]

1. e4 Nf6 2. e5 Nd5 3. d4 d6 4. c4 Nb6 5. exd6 cxd6 6. Nc3 g6 7. Be3 Nc6 8. d5
Ne5 9. Bd4 f6 10. f4 Nf7 11. Bd3 Bh6 12. Nge2 O-O 13. O-O f5 14. Bf2 e5 15.
dxe6 Bxe6 16. b3 d5 17. c5 Nd7 18. b4 Bg7 19. Nd4 Re8 20. Nce2 Nf6 21. Bh4 a6
22. Qb3 Qd7 23. Rac1 Ne4 24. Qc2 Rec8 25. Rfd1 Qe8 26. Qb3 h6 27. h3 g5 28. Be1
Nd8 29. Bc2 Nc6 30. Nxe6 Qxe6 31. Qxd5 Qxd5 32. Rxd5 Rf8 33. Rd7 Rad8 34. Rcd1
Nd4 35. R1xd4 Bxd4+ 36. Rxd4 Rxd4 37. Nxd4 gxf4 38. Bb3+ Kh7 39. Ne6 Re8 40.
Kf1 Ng3+ 41. Kf2 Ne4+ 42. Kg1 h5 43. Bh4 f3 44. gxf3 Nd2 45. Nd4 Nxb3 46. Nxb3
Kg6 47. Kf2 f4 48. Na5 Rb8 49. Nc4 Kf5 50. Be7 Rg8 51. h4 Ke6 52. Bd6 Kf5 53.
Nd2 Rg7 54. Ne4 Rg8 55. a3 Rg6 56. Bc7 Rg7 57. Bb6 Re7 58. Bd8 Rd7 59. Bg5 Rh7
60. Nd6+ Ke5 61. Ke2 Rd7 62. Nc4+ Kd4 63. Nb6 Rf7 64. Kd2 Rf8 65. Nd7 Rf7 66.
Nf6 Kc4 67. Nxh5 Kb3 68. Nxf4 Kxa3 69. Kc3 Rf5 70. Kc4 Ka4 71. Nd5 Rxf3 72. h5
Rg3 73. Bf6 Rh3 74. Nf4 Rh1 75. Bg5 Rg1 76. Bf6 Rf1 77. Be5 Rh1 78. Bc7 Rh4 79.
Kc3 Rh1 80. Be5 Rh4 81. Kc4 Ka3 82. b5 axb5+ 83. Kxb5 Rh1 84. Kb6 Rb1+ 85. Kc7
Kb4 86. Bd6 Kc4 87. h6 Rh1 88. Kxb7 Rxh6 89. Kc7 Rf6 90. c6 Rf7+ 91. Kb6 Kd4
92. c7 Rxc7 93. Kxc7 Ke4 94. Kc6 Kd4 95. Ne6+ Ke4 96. Bc5 Kd3 97. Kd5 Kc3 98.
Nd4 Kd2 99. Bb4+ Ke3 100. Ke5 Kd3 101. Kd5 Ke3 102. Bd6 Kd3 103. Bf4 Kc3 104.
Nc6 Kb3 105. Kd4 Ka3 106. Kc3 Ka4 107. Kc4 Ka3 108. Nb4 Kb2 109. Bd2 Ka3 110.
Nd5 Kb2 111. Nb4 Ka3 112. Nd3 Ka4 113. Nc5+ Ka3 114. Kc3 Ka2 115. Kc2 Ka3 116.
Bc3 Ka2 117. Bb4 Ka1 118. Ne4 Ka2 119. Nf2 Ka1 120. Nd3 Ka2 121. Nc1+ Ka1 122.
Bc3# 1-0

[Event "VIII Etapa do Circuito Pre-Olimpico Feminino"]
[Site "Belo Horizonte/MG"]
[Date "2012.03.02"]
[Round "2"]
[Board "1"]
[White "Fonseca, Carolina Rodrigues"]
[Black "Marques, Gabriela Angelica"]
[Result "0-1"]
[WhiteElo "1821"]
[BlackElo "1745"]
[PlyCount "68"]
[EventDate "2012.03.02"]
[EventRounds "6"]
[EventCountry "BRA"]

1. e4 c5 2. Nf3 Nc6 3. d4 cxd4 4. Nxd4 Nf6 5. Nc3 d6 6. f3 a6 7. Be3 e6 8. Qd2
Be7 9. O-O-O Qc7 10. g4 b5 11. Kb1 Bb7 12. h4 Rc8 13. g5 Nd7 14. h5 Nde5 15.
Qf2 Nd7 16. Be2 b4 17. Ncb5 axb5 18. Nxb5 Qb8 19. g6 hxg6 20. hxg6 Rxh1 21.
Rxh1 fxg6 22. Qg3 Nf8 23. Rh8 Kd7 24. Rh1 Ba6 25. Nd4 Bxe2 26. Nxe2 d5 27. exd5
exd5 28. Qg4+ Kc7 29. Rd1 Qb5 30. Bf4+ Kb7 31. Re1 b3 32. cxb3 Qd3+ 33. Ka1 Nb4
34. Nd4 Bf6 0-1

[Event "VIII Etapa do Circuito Pre-Olimpico Feminino"]
[Site "Belo Horizonte/MG"]
[Date "2012.03.02"]
[Round "2"]
[Board "1"]
[White "Campos, Anna Carolina "]
[Black "Brandao, Catarina"]
[Result "1/2-1/2"]
[WhiteElo "1798"]
[BlackElo "1802"]
[PlyCount "97"]
[EventDate "2012.03.02"]
[EventRounds "6"]
[EventCountry "BRA"]

1. e4 b6 2. d4 Bb7 3. Nc3 e6 4. Bc4 Bb4 5. Bd3 d6 6. Nge2 Nf6 7. O-O O-O 8. a3
Bxc3 9. Nxc3 Nbd7 10. Re1 c5 11. Bf1 cxd4 12. Qxd4 Qc7 13. Bg5 Qc5 14. Qxc5
bxc5 15. Bxf6 Nxf6 16. e5 dxe5 17. Rxe5 Rac8 18. Rd1 Nd5 19. Nb5 Ba6 20. Nxa7
Rc7 21. Bxa6 Rxa7 22. Bc4 Rb7 23. Bxd5 exd5 24. Rexd5 Rxb2 25. Rxc5 h6 26. Ra1
Re8 27. Kf1 Reb8 28. Ke2 Kf8 29. Kd3 Ke7 30. a4 Kd6 31. Rc4 R2b7 32. a5 Ra7 33.
Rca4 Rba8 34. a6 Kc5 35. Rb1 Rxa6 36. Rxa6 Rxa6 37. Rb7 Rf6 38. f3 Rg6 39. g3
Rf6 40. f4 g5 41. fxg5 hxg5 42. h3 Rf3+ 43. Ke4 Rxg3 44. Rxf7 Rxh3 45. Kf5 Rg3
46. Rc7+ Kd4 47. c4 g4 48. Rg7 Kxc4 49. Rxg4+ 1/2-1/2

[Event "VIII Etapa do Circuito Pre-Olimpico Feminino"]
[Site "Belo Horizonte/MG"]
[Date "2012.03.03"]
[Round "3"]
[Board "1"]
[White "Chaves, Joara"]
[Black "Chang, Suzana"]
[Result "1/2-1/2"]
[WhiteElo "2010"]
[BlackElo "2055"]
[PlyCount "48"]
[EventDate "2012.03.02"]
[EventRounds "6"]
[EventCountry "BRA"]

1. e4 c5 2. Nc3 e6 3. f4 Nc6 4. Bb5 Nge7 5. Nf3 a6 6. Bxc6 Nxc6 7. d3 d6 8. O-O
Be7 9. Be3 O-O 10. Qd2 b5 11. Rae1 Qa5 12. a3 b4 13. Ne2 bxa3 14. Qxa5 Nxa5 15.
bxa3 Rb8 16. Rb1 Bd7 17. Bd2 Nc6 18. c4 Bf6 19. Bc3 Bxc3 20. Nxc3 Nd4 21. Kf2
Nc2 22. Rxb8 Rxb8 23. Rb1 Rxb1 24. Nxb1 Kf8 1/2-1/2

[Event "VIII Etapa do Circuito Pre-Olimpico Feminino"]
[Site "Belo Horizonte/MG"]
[Date "2012.03.03"]
[Round "3"]
[Board "1"]
[White "Delai, Paula Fernanda"]
[Black "Tashima, Vanessa Kelly"]
[Result "1-0"]
[WhiteElo "1982"]
[BlackElo "1925"]
[PlyCount "113"]
[EventDate "2012.03.02"]
[EventRounds "6"]
[EventCountry "BRA"]

1. e4 e6 2. Qe2 c5 3. g3 Nc6 4. c3 g6 5. Bg2 Bg7 6. h4 h6 7. h5 g5 8. f4 gxf4
9. gxf4 e5 10. d3 d6 11. f5 Nf6 12. Be3 b6 13. Nd2 Ba6 14. Nh3 Qc7 15. Rg1 Rg8
16. a4 Bb7 17. Nc4 Ne7 18. Bd2 O-O-O 19. Bf3 Bf8 20. Rxg8 Nexg8 21. O-O-O Bc6
22. b3 Qb7 23. Kc2 Kb8 24. Nf2 Qa6 25. Rb1 Ka8 26. Nd1 Ne7 27. Nde3 Qb7 28. Be1
Nh7 29. Bh4 Bg7 30. Rg1 Bf6 31. Bxf6 Nxf6 32. Rg7 Nc8 33. Qd2 Qe7 34. Qh2 Rg8
35. Qg3 Qf8 36. Rxg8 Qxg8 37. Qxg8 Nxg8 38. f6 Bd7 39. Bg4 Nxf6 40. Bxd7 Nxd7
41. Nf5 Nf6 42. Nxh6 Nxh5 43. Nxf7 Nf4 44. Ncxd6 Nxd6 45. Nxd6 Ng6 46. Kd2 Kb8
47. Ke3 a6 48. Ne8 Kb7 49. Nf6 Kc6 50. Nd5 b5 51. axb5+ axb5 52. Kf3 Kd6 53.
Kg4 Nf8 54. Kf5 Nd7 55. Nf6 Nxf6 56. Kxf6 b4 57. c4 1-0

[Event "VIII Etapa do Circuito Pre-Olimpico Feminino"]
[Site "Belo Horizonte/MG"]
[Date "2012.03.03"]
[Round "3"]
[Board "1"]
[White "Marques, Gabriela Angelica"]
[Black "Viaro Baccarin, Natalia"]
[Result "0-1"]
[WhiteElo "1745"]
[BlackElo "1945"]
[PlyCount "78"]
[EventDate "2012.03.02"]
[EventRounds "6"]
[EventCountry "BRA"]

1. d4 d5 2. c4 e6 3. Nc3 Be7 4. e3 Nf6 5. Nf3 O-O 6. Bd3 Nbd7 7. O-O c5 8. cxd5
exd5 9. dxc5 Nxc5 10. Be2 b6 11. a3 a5 12. b3 Bb7 13. Bb2 Nfe4 14. b4 axb4 15.
axb4 Nxc3 16. Bxc3 Ne4 17. Bb2 Qd6 18. b5 Qb4 19. Qd4 Qxd4 20. Bxd4 Bc5 21.
Rxa8 Rxa8 22. Ra1 Rxa1+ 23. Bxa1 f6 24. Nd4 Kf7 25. f3 Nd6 26. Kf2 Ke7 27. Ke1
Bc8 28. Bd3 Bd7 29. Ke2 g6 30. h4 f5 31. Kf2 Nc4 32. Bc3 Kd6 33. Ke2 Kc7 34. e4
fxe4 35. fxe4 Kd6 36. Kf3 Bxd4 37. Bxd4 dxe4+ 38. Kxe4 Bf5+ 39. Kf3 Bxd3 0-1

[Event "VIII Etapa do Circuito Pre-Olimpico Feminino"]
[Site "Belo Horizonte/MG"]
[Date "2012.03.03"]
[Round "3"]
[Board "1"]
[White "Brandao, Catarina"]
[Black "Heinrichs, Vivian"]
[Result "0-1"]
[WhiteElo "1802"]
[BlackElo "1965"]
[PlyCount "88"]
[EventDate "2012.03.02"]
[EventRounds "6"]
[EventCountry "BRA"]

1. e4 c5 2. Nf3 e6 3. d4 cxd4 4. Nxd4 a6 5. Nc3 b5 6. a3 Bb7 7. Bd3 Qb6 8. Be3
Bc5 9. Be2 Nc6 10. Nxc6 Bxe3 11. fxe3 dxc6 12. Qd4 Qxd4 13. exd4 e5 14. O-O-O
exd4 15. Rxd4 Rd8 16. Rhd1 Rxd4 17. Rxd4 Ne7 18. b4 Ng6 19. Nb1 Ke7 20. Nd2 Nf4
21. Bf3 Ne6 22. Rd3 c5 23. c4 Rc8 24. Rc3 cxb4 25. axb4 bxc4 26. Kb2 Rd8 27.
Nxc4 Ng5 28. Re3 Bc6 29. Ne5 Bb5 30. Rc3 Ke6 31. Nc6 Rd2+ 32. Kb3 Nxf3 33. gxf3
Kd6 34. Na5 Rxh2 35. Nc4+ Bxc4+ 36. Kxc4 Rd2 37. f4 h5 38. Rh3 g6 39. Rd3+ Rxd3
40. Kxd3 Kc6 41. Ke3 Kb5 42. f5 gxf5 43. exf5 Kxb4 44. Kf4 a5 0-1

[Event "VIII Etapa do Circuito Pre-Olimpico Feminino"]
[Site "Belo Horizonte/MG"]
[Date "2012.03.03"]
[Round "3"]
[Board "1"]
[White "Guimaraes, Artemis Pamela"]
[Black "Campos, Anna Carolina "]
[Result "1-0"]
[WhiteElo "2037"]
[BlackElo "1798"]
[PlyCount "39"]
[EventDate "2012.03.02"]
[EventRounds "6"]
[EventCountry "BRA"]

1. e4 e5 2. Nf3 Nc6 3. Bb5 a6 4. Ba4 Nf6 5. d3 b5 6. Bb3 Be7 7. O-O O-O 8. a4
Bb7 9. Nc3 Bb4 10. axb5 axb5 11. Rxa8 Bxa8 12. Nxb5 Na5 13. Nxe5 Nxb3 14. cxb3
d5 15. Nc3 h6 16. Ng4 dxe4 17. Nxe4 Bxe4 18. dxe4 Nxe4 19. Nxh6+ Kh8 20. Nxf7+
1-0

[Event "VIII Etapa do Circuito Pre-Olimpico Feminino"]
[Site "Belo Horizonte/MG"]
[Date "2012.03.03"]
[Round "3"]
[Board "1"]
[White "Rodrigues, Fernanda dos Santos"]
[Black "Fonseca, Carolina Rodrigues"]
[Result "0-1"]
[WhiteElo "1891"]
[BlackElo "1821"]
[PlyCount "94"]
[EventDate "2012.03.02"]
[EventRounds "6"]
[EventCountry "BRA"]

1. d4 Nf6 2. c4 e6 3. Nf3 d5 4. Bg5 Bb4+ 5. Nc3 h6 6. Bxf6 Qxf6 7. e3 O-O 8.
Qb3 Bxc3+ 9. bxc3 c6 10. Ne5 Re8 11. a4 Qd8 12. Be2 Nd7 13. Nxd7 Qxd7 14. O-O
Qc7 15. f4 Bd7 16. Bf3 Rad8 17. Kf2 f5 18. h4 Rf8 19. Ke2 Rf6 20. h5 Re8 21.
Rab1 Rb8 22. Rg1 Be8 23. g4 fxg4 24. Bxg4 Kh8 25. Rg2 Bd7 26. Bf3 a6 27. Qb4
Rf7 28. f5 dxc4 29. Rbg1 exf5 30. Qxc4 Re7 31. Kd2 Qd6 32. Rg6 Be6 33. Qd3 Qa3
34. Bd1 Qa2+ 35. Bc2 Rf8 36. Rb1 Bc4 37. Qxc4 Qxc4 38. Rgg1 Rfe8 39. Rge1 Qe6
40. Bd3 Qf6 41. Re2 Qg5 42. Rf1 Rxe3 43. Rxe3 Qxe3+ 44. Kc2 Rf8 45. a5 Qh3 46.
Be2 Qg2 47. Kd1 Re8 0-1

[Event "VIII Etapa do Circuito Pre-Olimpico Feminino"]
[Site "Belo Horizonte/MG"]
[Date "2012.03.03"]
[Round "4"]
[Board "1"]
[White "Delai, Paula Fernanda"]
[Black "Chaves, Joara"]
[Result "1/2-1/2"]
[WhiteElo "1982"]
[BlackElo "2010"]
[PlyCount "30"]
[EventDate "2012.03.02"]
[EventRounds "6"]
[EventCountry "BRA"]

1. d4 Nf6 2. c4 g6 3. Nc3 Bg7 4. e4 d6 5. f3 O-O 6. Be3 b6 7. Nge2 c5 8. Qd2
Nc6 9. O-O-O e5 10. dxc5 dxc5 11. Qxd8 Rxd8 12. Rxd8+ Nxd8 13. Nd5 Nc6 14. Nec3
Bb7 15. Bd3 Re8 1/2-1/2

[Event "VIII Etapa do Circuito Pre-Olimpico Feminino"]
[Site "Belo Horizonte/MG"]
[Date "2012.03.03"]
[Round "4"]
[Board "1"]
[White "Chang, Suzana"]
[Black "Heinrichs, Vivian"]
[Result "0-1"]
[WhiteElo "2055"]
[BlackElo "1965"]
[PlyCount "126"]
[EventDate "2012.03.02"]
[EventRounds "6"]
[EventCountry "BRA"]

1. c4 Nf6 2. g3 g6 3. Bg2 Bg7 4. Nc3 d6 5. d3 O-O 6. Nf3 c5 7. O-O Nc6 8. Rb1
Bd7 9. a3 a6 10. b4 cxb4 11. axb4 b5 12. cxb5 axb5 13. Nxb5 Nd5 14. Bb2 Bxb2
15. Rxb2 Qb6 16. e4 Ndxb4 17. Na3 Qc5 18. Nc2 Ra3 19. d4 Qa5 20. d5 Nd3 21. Rb7
Nde5 22. Nxe5 Nxe5 23. Qb1 Bg4 24. Nd4 Qc5 25. Nb5 Ra4 26. Rc1 Rb4 27. Qa1 Nc4
28. Rb1 Rxb1+ 29. Qxb1 Nd2 30. Qb2 Rc8 31. Rc7 Rxc7 32. Nxc7 Nf3+ 33. Kh1 Qxc7
34. h3 Ne5 35. hxg4 Nxg4 36. Bf3 Nf6 37. Kg2 h5 38. Qb4 Kg7 39. Be2 Qc2 40. Bf3
Qc7 41. Be2 g5 42. Qd4 Qc2 43. Bd3 Qd2 44. Kf3 Qd1+ 45. Kg2 h4 46. Qe3 Qg4 47.
Kh2 hxg3+ 48. Qxg3 Qxg3+ 49. Kxg3 Nd7 50. f3 Kf6 51. f4 gxf4+ 52. Kxf4 Ne5 53.
Bc2 Ng6+ 54. Kg4 Ke5 55. Kg5 Nf4 56. Kh6 e6 57. Kg7 f5 58. Kf7 exd5 59. exf5
Nh5 60. Ke7 d4 61. Bd1 Nf6 62. Bc2 Nd5+ 63. Kd7 Ne3 0-1